[Event "Wuerttemberg-ch KT"]
[Site "Lauffen am Neckar"]
[Date "2011.08.28"]
[Round "2"]
[White "Hahn, Alexander"]
[Black "Kreuzahler, Marc"]
[Result "0-1"]
[WhiteElo "1829"]
[BlackElo "2097"]
[PlyCount "52"]
[EventDate "2011.08.26"]
[EventType "swiss"]
[EventRounds "9"]
[EventCountry "GER"]
[SourceTitle "EXT 2017"]
[Source "ChessBase"]
[SourceDate "2016.10.25"]
[SourceVersion "1"]
[SourceVersionDate "2016.10.25"]
[SourceQuality "1"]

1. d4 f5 2. c4 e6 3. Nc3 Nf6 4. Nf3 d5 5. Bf4 c6 6. e3 Bd6 7. Ne5 0-0 8. Bd3 Ne4 9. h4 Nd7 10. Nxd7 Qxd7 11. Bxd6 Qxd6 12. Qb3 b6 13. Ne2 Qe7 14. Nf4 Bb7 15. a3 Rfd8 16. Rd1 c5 17. cxd5 cxd4 18. Bc4 Nc5 19. Qa2 dxe3 20. b4 exf2+ 21. Kf1 Ne4 22. Rh3 Rac8 23. d6 Rxd6 24. Bxe6+ Qxe6 25. Qxe6+ Rxe6 26. Nxe6 Ba6+ 0-1

[Event "Stuttgart-chB int"]
[Site "Gerlingen"]
[Date "2007.05.17"]
[Round "2"]
[White "Hahn, Alexander"]
[Black "Gibicar, Marc"]
[Result "1-0"]
[WhiteElo "1808"]
[BlackElo "1604"]
[PlyCount "53"]
[EventDate "2007.05.17"]
[EventType "swiss"]
[EventRounds "7"]
[EventCountry "GER"]
[SourceTitle "EXT 2018"]
[Source "ChessBase"]
[SourceDate "2017.10.13"]
[SourceVersion "1"]
[SourceVersionDate "2017.10.13"]
[SourceQuality "1"]

1. d4 Nf6 2. Nf3 e6 3. e3 d5 4. Bd3 b6 5. c3 a5 6. Nbd2 Ba6 7. Bxa6 Nxa6 8. Ne5 Bd6 9. Qa4+ Nd7 10. Ndf3 f6 11. Nd3 0-0 12. 0-0 Kh8 13. Qb5 Qc8 14. Re1 c6 15. Qb3 e5 16. e4 dxe4 17. Rxe4 f5 18. Rh4 Be7 19. Ng5 h6 20. Qe6 Bxg5 21. Bxg5 Nf6 22. Rxh6+ gxh6 23. Bxf6+ Kh7 24. Qe7+ Kg6 25. Qg7+ Kh5 26. dxe5 Rxf6 27. Nf4+ 1-0

[Event "Stuttgart-chB int"]
[Site "Gerlingen"]
[Date "2007.05.17"]
[Round "1"]
[White "Pfeilsticker, Thorsten"]
[Black "Hahn, Alexander"]
[Result "0-1"]
[WhiteElo "1456"]
[BlackElo "1808"]
[PlyCount "102"]
[EventDate "2007.05.17"]
[EventType "swiss"]
[EventRounds "7"]
[EventCountry "GER"]
[SourceTitle "EXT 2018"]
[Source "ChessBase"]
[SourceDate "2017.10.13"]
[SourceVersion "1"]
[SourceVersionDate "2017.10.13"]
[SourceQuality "1"]

1. d4 Nf6 2. Nf3 d5 3. e3 c6 4. Bd3 Bg4 5. Nbd2 Nbd7 6. h3 Bh5 7. c4 e6 8. 0-0 Bd6 9. Qc2 Rc8 10. Ng5 h6 11. Ngf3 Bxf3 12. Nxf3 0-0 13. b3 e5 14. Bf5 e4 15. Ne5 Nxe5 16. Bxc8 Nf3+ 17. gxf3 Qxc8 18. Kg2 exf3+ 19. Kxf3 Qxh3+ 20. Ke2 Ne4 21. Bd2 Qh5+ 22. Ke1 Ng5 23. Qd1 Nf3+ 24. Ke2 Nh2+ 25. Kd3 Qf5+ 26. Kc3 Nxf1 27. Qxf1 c5 28. Qg2 Bc7 29. Rg1 g6 30. dxc5 Be5+ 31. Kb4 a5+ 32. Kxa5 Ra8+ 33. Kb4 Bc7 34. Kc3 Rxa2 35. Rc1 Be5+ 36. Kb4 Rxd2 37. cxd5 Rxf2 38. Qh1 Rh2 39. Qd1 Qe4+ 40. Kb5 Qf5 41. c6 bxc6+ 42. Rxc6 Ra2 43. Kb6 Ra8 44. b4 h5 45. b5 Qe4 46. Kb7 Rb8+ 47. Ka6 Qxe3 48. b6 Qa3+ 49. Kb5 Qb2+ 50. Kc5 Ra8 51. Qd3 Ra5+ 0-1